| 000 | 00633 a2200253 4500 | ||
|---|---|---|---|
| 001 | 25360 | ||
| 999 |
_c25360 _d10667 |
||
| 003 | TR-AnTOB | ||
| 005 | 20200520102407.0 | ||
| 008 | 110502s2000 tu 000 0 d | ||
| 020 | _z9754868815 | ||
| 040 |
_aTOQ _cTOQ _dOCLCQ _dTRTET |
||
| 041 | _atur | ||
| 049 | _aMAIN | ||
| 050 | 0 |
_aQA371 _b.G975 2000 |
|
| 090 | _aQA371 .G975 2000 | ||
| 100 |
_aGüngör, Faruk _920938 |
||
| 245 | 0 |
_aDiferansiyel denklemler / _cFaruk Güngör. |
|
| 250 | _a2. basım. | ||
| 264 | 1 |
_aİstanbul : _bBeta, _c2000. |
|
| 300 | _a278 p. | ||
| 650 |
_aDifferential equations _9222 |
||
| 650 |
_aDiferansiyel denklemler _9127642 |
||
| 942 | _cBK | ||